000 00659nam a2200241Ia 4500
003 OSt
005 20221005055331.0
006 a|||||r|||| 00| 0
007 ta
008 221004b |||||||| |||| 00| 0 eng d
024 _a77277
037 _cTextual
040 _aCRL
_cCRL
_beng
041 _2eng
_aeng
082 _aO111,3NRL,HG, G9
100 _aLlewellyn Richard
_9592025
245 0 _aHow green was my valley
260 _aLondon
_bMichael Joseph Ltd. Great Britain
_c1939
300 _a447p.
_ccm.
650 _aENGLISH LITERATURE
942 _hO111,3NRL,HG, G9
_cTEXL
_2cc
999 _c964938
_d964938